000 00805nam a22002297a 4500
003 OSt
005 20250805011427.0
008 250805b |||||||| |||| 00| 0 eng d
020 _a978-621-247-138-2
040 _aDWC-Main Lib
_cOC
082 _aFil. 331.89 C183l 2023
100 _aCamilar-Serrano, Angelita Ong
245 _aLabor relations management and negotiations/
_cAngelita Ong Camilar-Serrano
250 _aSecond edition
260 _aManila, Philippines :
_bUnlimited Books Library Services & Publishing,
_cc2023.
300 _axiv, 464 pages :
_billustrations ;
_c24cm.
504 _aIncludes bibliographical references.
650 _a1. Labor union.
650 _a2. Labor relations.
650 _a3. Labor unions-- Negotiations.
942 _2ddc
_cBK - FIL
_eSecond edition
_kFil.
_n0
999 _c3932
_d3932